00852ntaaa2200229 45000030003000000050017000030080021000200400037000410820012000781000020000902450087001102600025001973000022002225000053002445000031002975020084003285050060004125050096004726500010005686500014005787000030005920120251027203324.00714s1973 ag 01  aAR-BaBNbspacAR-BaBNeaacrdRIC a264 G93 aGuevara, Ester  aAdoración : buna cuestión vital / cEster Guevara, dirigido por Dina De Carro aBuenos Aires, c1993 a102 h. ; c29 cm. aIncluye notas a pie de página bibliográficas aBibliografía: h. 100-102 a(licenciatura)-Seminario Internacional Teológico Bautista, Buenos Aires, 1993 tParte I. Una perspectiva neotestamentaria de la Iglesia tParte II. Un enfoque de una nueva perspectiva de adoración en la Iglesia neotestamentaria aTESIS aADORACION aDe Carro, Dina edirector